Animaux nationaux en Europe - Statistiques

Statistiques générales
  • Ce quiz a été pris 72 fois
  • Le résultat moyen est 19 sur 39
Réponses sur la Carte
Les réponses sont colorées sur une échelle allant du rouge au vert en fonction du pourcentage des utilisateurs qui les ont devinées à leur premier essai. Vous pouvez retrouver ces pourcentages ci-dessous.
 
Statistiques - réponses
Réponse % Correct
Coq de Barcelos
94%
Coq gaulois
94%
Aigle noir
89%
Aigle noir
89%
Aigle royal
89%
Ours brun
89%
Ours brun
89%
Lion
86%
Lion
86%
Lion
86%
Lion
86%
Lion
86%
Lion
86%
Lion
86%
Lion à deux queues
86%
Loup gris
74%
Loup gris
74%
Chien du Pharaon
65%
Vache brune
59%
Cheval Lipizzan
53%
Taureau
47%
Dauphin commun
33%
Élan
32%
Hérisson, lapin et mulot
30%
Lynx boréal
23%
Bison d’Europe
15%
Lièvre brun
14%
Hirondelle rustique
11%
Cigogne blanche
8%
Cygne tuberculé
8%
Martre
5%
Auroch
3%
Pygargue à queue blanche
3%
Turul
3%
Rossignol
2%
Bergeronnette grise
0%
Crécerelle
0%
Gyrfalcon
0%
Tornjak
0%
Aucun quiz correspondant
Distribution des résultats
% des personnes avec chaque résultat
Percentile par nombre de réponses
Votre historique - résultats
Vous n’avez pas pris ce quiz